000 00520cam a2200145 4500500
005 20260111093457.0
041 _afre
042 _adc
100 1 0 _aMiossec, Alain
_eauthor
245 0 0 _aPhilippe Subra, Géopolitique locale. Territoires, acteurs, conflits, A. Colin, 2016, 335 pages, 32 €
260 _c2016.
500 _a21
786 0 _nLa Géographie | 1563 | 4 | 2016-10-01 | p. 53h-63h | 1964-9002
856 4 1 _uhttps://shs.cairn.info/revue-la-geographie-2016-4-page-53h?lang=fr&redirect-ssocas=7080
999 _c1626441
_d1626441